| 000 | 01380cam a22002895a 4500 | ||
|---|---|---|---|
| 001 | 8257204 | ||
| 005 | 20160731130512.0 | ||
| 008 | 850305s2014 enk frb 000 0 eng d | ||
| 010 | _a 22013767 | ||
| 020 | _a110745574X | ||
| 020 | _a9781107455740 | ||
| 040 |
_aDLC _beng _cCarP _dEG-ScBUE |
||
| 082 | 0 | 4 |
_a349.602 _bKEN _222 |
| 100 | 1 |
_aKenny, Courtney Stanhope, _d1847-1930. _940460 |
|
| 245 | 1 | 2 |
_aA selection of cases illustrative of the law of contract : _b(based on the collection of G. B. Finch) / _cby Courtney Stanhope Kenny. |
| 260 |
_aCambridge : _bCambridge University press, _c2014. |
||
| 300 |
_axi, 511 p. _c22 cm. |
||
| 500 | _aFirst published : 1922. | ||
| 504 | _aIncludes bibliographical references. | ||
| 505 | _aPreface; Offer and acceptance -- Form of contract -- Consideration -- Capacity of parties -- Reality of consent -- Unlawful agreements -- Agency -- Discharge -- Remedies for breach of contract -- Interpretation of contracts -- The assignment of contracts. | ||
| 520 | _aThis book contains an overview of a number of cases that established important precedents in English contract law. | ||
| 650 | 7 |
_aContracts. _2BUEsh _940461 |
|
| 651 | _2BUEsh | ||
| 653 |
_bLLAAWW _cJuly2016 |
||
| 700 | 1 |
_aFinch, Gerard B. _q(Gerard Brown), _d1835-1913 _ea selection of cases on the English law of contract. _940462 |
|
| 942 |
_2ddc _k349.602 KEN _e22 |
||
| 999 |
_c22034 _d22006 |
||